| 000 | 00406nam a2200145Ia 4500 | ||
|---|---|---|---|
| 008 | 230917s9999||||xx |||||||||||||| ||und|| | ||
| 040 |
_e194371 _aMAIN |
||
| 041 | _aEnglish | ||
| 082 | _a647.94068 B21C | ||
| 100 | _aBall, Stephen | ||
| 245 | 0 | _aContemporary hospitality and tourism: Management issues in China and India | |
| 260 |
_aAmsterdam _bElsevier _c2007 |
||
| 300 | _axviii, 195 p. | ||
| 942 | _cBK | ||
| 999 |
_c164875 _d164875 |
||